000 00841nam a2200265 i 4500
001 000016803
003 DO-SdBNP
005 20251106103008.0
007 ta
008 100310s1976 dr a 000 0 spa d
040 _aDO-SdBNP
_bspa
_cBNPHU
_erda
041 _aspa
082 4 _axxx
_bB333a
_222
100 _aBatista del Villar, Guarocuya,
_eautor
_4aut.
_920408
245 1 0 _aAnteproyecto de enfoque metodológico para una UASD crítica /
_cGuarocuya Batista del Villar.
264 1 _aSanto Domingo :
_bPublicaciones de la UASD,
_c1976.
300 _a20 páginas :
_bilustraciones ;
_c21 cm.
336 _atexto
_btxt
_2rdacontent
337 _asin mediación
_bn
_2rdamedia
338 _avolumen
_bnc
_2rdacarrier
490 1 _aColección UASD Crítica 3
_v 208
590 _aInventariado, 2025/BT
910 _aBT
942 _2ddc
_cLF2
999 _c16335
_d16335